သွေးချင်းတို့ ပျော်သည့်မြေ / (Record no. 27291)

000 -LEADER
fixed length control field 01416nam a22002417a 4500
005 - DATE AND TIME OF LATEST TRANSACTION
control field 20260127150306.0
008 - FIXED-LENGTH DATA ELEMENTS--GENERAL INFORMATION
fixed length control field 230718b ||||| |||| 00| 0 eng d
040 ## - CATALOGING SOURCE
Transcribing agency SSBUL
Modifying agency SSBUL
082 ## - DEWEY DECIMAL CLASSIFICATION NUMBER
Edition number 23
Classification number ၉၅၉.၁၁၁ မင်း ၁၅၉၉၇ (S-SAT)
100 ## - MAIN ENTRY--PERSONAL NAME
Personal name မင်းနိုင်၊
Titles and words associated with a name ဦး။
9 (RLIN) 14538
245 10 - TITLE STATEMENT
Title သွေးချင်းတို့ ပျော်သည့်မြေ /
Statement of responsibility, etc. ဦးမင်းနိုင်။
260 ## - PUBLICATION, DISTRIBUTION, ETC.
Place of publication, distribution, etc. ရန်ကုန်၊
Name of publisher, distributor, etc. စာပေဗိမာန်၊
Date of publication, distribution, etc. ၁၉၆၈။
300 ## - PHYSICAL DESCRIPTION
Extent ၂၅၁ စာမျက်နှာ၊
Other physical details ဓာတ်ပုံများ၊
Dimensions ၁၈ စင်တီ။
440 ## - SERIES STATEMENT/ADDED ENTRY--TITLE
Title စာပေဗိမာန် ပြည်သူ့လက်စွဲစာစဉ်။
9 (RLIN) 28105
500 ## - GENERAL NOTE
General note ၁၉၆၃ ခုနှစ်အနုပညာစာပေဆု စာပဒေသာတတိယဆုရစာအုပ်ဖြစ်ပါသည်။
General note S-SAT: Dr. Prof Sai Aung Tun
504 ## - BIBLIOGRAPHY, ETC. NOTE
Linkage ကျမ်းကိုးစာရင်းပါရှိသည်။
650 ## - SUBJECT ADDED ENTRY--TOPICAL TERM
Topical term or geographic name entry element ကချင်တိုင်းရင်းသား။
9 (RLIN) 28106
Topical term or geographic name entry element ယဉ်ကျေးမှုနှင့် ဓလေ့ထုံးစံ။
9 (RLIN) 27971
Topical term or geographic name entry element ကချင်ပြည်နယ်။
9 (RLIN) 28107
Topical term or geographic name entry element မြန်မာနိုင်ငံ။
9 (RLIN) 28108
942 ## - ADDED ENTRY ELEMENTS (KOHA)
Source of classification or shelving scheme
Koha item type Book (Short term)
Holdings
Withdrawn status Lost status Source of classification or shelving scheme Damaged status Not for loan Collection code Permanent Location Current Location Shelving location Date acquired Total Checkouts Full call number Barcode Date last seen Price effective from Koha item type Accession
          Special Collections Shan State Buddhist University Library Shan State Buddhist University Library Special Collection Shelves 18/07/2023   ၉၅၉.၁၁၁ မင်း ၁၅၉၉၇ (S-SAT) MB00015997 18/07/2023 18/07/2023 Book (Short term) ၁၅၉၉၇ (S-SAT)

Library - 09407999929
Admin Office - 09407999979
Dean Office - 09250910768
Registrar Office - 09892297154
Email - [email protected]
Shan State Buddhist University, Phaya Phyu Taunggyi, Shan State, Myanmar.